=LDR 00000nam 2200000 4500 =001 INLIS000000000030011 =005 20130612132209 =008 ***********************************Ind** =035 ##$$0010-061300000030011 =041 ##$$a Ind =082 ##$$a 658.152 =090 ##$$a 658.152, Sin s =100 ##$$a Sinungan, Muchdarsyah =245 ##$$a Strategi manajemen bank menghadapi tahu 2000, dilengkapi dengan undang-undang perbankan tahun 1992, Muchdarsyah Sinungan =260 ##$$a 1994 $b Jakarta =300 ##$$a viii, 388 hlm, ilus, 22 cm =650 ##$$a Manajemen Bank =850 ##$$a NBPNMAT =990 ##$$a 0001/BPAP-NTB/2016